All LISA songs - Statistics

General Stats
  • This quiz has been taken 74 times
    63 since last reset
  • The average score is 14 of 20
Answer Stats
Hint Answer % Correct
s MONEY
100%
s LALISA
98%
s Rockstar
82%
s Born Again
80%
s New Woman
80%
s Chill
78%
s Dream
78%
s FXCK UP THE WORLD
73%
s Rapunzel
69%
s SG
69%
s When I'm With You
69%
s Lifestyle
67%
s Moonlit Floor (Kiss Me)
64%
s Shoong!
64%
s Thunder
64%
s BADGRRRL
62%
Priceless
62%
s Elastigirl
60%
s FXCK UP THE WORLD (Vixi Solo Version)
22%
s Rapunzel (Kiki Solo Version)
22%
No matching quizzes found
Score Distribution
Percent of People with Each Score
Percentile by Number Answered
Your Score History
You have not taken this quiz since the last reset